01225naa#a2200229#i#4500001001600000005001700016011001400033100004100047102000700088200019200095210011800287215001000405608004500415675011200460686011200572700005200684700006600736700006600802700005200868700006100920856001400981RU\\bibl\11713620260417073334.5##a2782-5957##a20260330b2026####ek#y0rusy0150####ca##aRU1#aИССЛЕДОВАНИЕ ЗАВИСИМОСТИ ТЕМПЕРАТУРЫ РЕЗАНИЯ ОТ РЕЖИМОВ ПРИ ТОЧЕНИИ ФТОРОПЛАСТА-4eЖурнальная статья1#aБрянскcБрянский государственный технический университетd2026##a6 с.##aЖурнальная статья2local##aТочение. Обточка. Токарная обработка. Токарные станки. 621.941##aОбщая технология машиностроения. Обработка металлов. 3452bbk#1aКисельgАнтон Геннадьевич#1aПерегонцевgВладислав Витальевич#1aВишневскийgАндрей Александрович#1aШведовgАлександр Юрьевич#1aМамедкулиевgТурал Сохраб оглы4#azh-szf.ru